Ars iuris: festschrift fur Okko Behrends sum 70 geburststag
שמור ב:
| Main Authors: | , , |
|---|---|
| פורמט: | ספר |
| שפה: | גרמנית |
| יצא לאור: |
Gotinga
Wallstein Verlag
2009
|
| נושאים: | |
| תגים: |
הוספת תג
אין תגיות, היה/י הראשונ/ה לתייג את הרשומה!
|
MARC
| LEADER | 00000cam a2200000 a 4500 | ||
|---|---|---|---|
| 001 | UCG9697 | ||
| 003 | CL-VaPUC | ||
| 008 | 120330e20090000GW |||||||||||||||||ger|d | ||
| 020 | |a 9783835304208 | ||
| 082 | 0 | 4 | |a 340.54 |b AVE |2 21 |
| 100 | 0 | |a Avenarius, Martin |e author |9 561329 | |
| 700 | 0 | |a Meyer-Pritzl, Rudolf |e author |9 561330 | |
| 700 | 0 | |a Moller, Cosima |e author |9 561331 | |
| 245 | 1 | 0 | |a Ars iuris: festschrift fur Okko Behrends sum 70 geburststag |
| 300 | |a 681 p | ||
| 942 | |c BK | ||
| 945 | |d 20120330 00:00:00 |a dcastane | ||
| 260 | |a Gotinga |b Wallstein Verlag |c 2009 | ||
| 650 | 0 | |a Derecho romano |9 255930 | |
| 650 | 0 | |a Derecho civil |9 255013 | |
| 651 | 0 | |a Europa |9 255156 | |
| 583 | |a last modification |c 20120330 10:33:00 |k Rodrigo Vera | ||
| 999 | |c 347243 |d 347241 | ||
| 952 | |0 0 |1 0 |4 0 |6 340_540000000000000_AVE_2009 |7 0 |8 DER_ROM |9 448476 |a BIBDER |b BIBDER |d 2019-11-22 |i 4846362 |l 1 |o 340.54 AVE 2009 |p 4846362 |r 2023-01-25 |s 2020-03-16 |w 2019-11-22 |x Ubicación 4to piso |y BK |z Este recurso debe solicitarse con anticipación |k DER | ||